Tesis electrónicas en préstamo

Detalles Bibliográficos
Formato: Tesis
Lenguaje:español

MARC

LEADER 00000nmm a22000007a 4500
003 UAHC
005 20220405164712.0
008 220405s2022 cl |||| o||d| 00| 0 spa d
040 |a UAHC  |c UAHC 
245 |a Tesis electrónicas en préstamo 
500 |a Aquí se registrarán los préstamos realizados de Trabajos de titulación de las distintas carreras de la Universidad y que se encuentran en formato electrónico, con el fin de llevar un registro y poder construir estadísticas apropiadas. 
900 |a TESIS ELECTRÓNICAS 
942 |2 ddc  |c TS 
952 |0 0  |1 0  |4 0  |6 TESIS_ELECTRÓNICAS  |7 0  |8 COMP  |9 95146  |a BC  |b BC  |c Digital  |d 2022-04-19  |l 10  |m 3  |o TESIS ELECTRÓNICAS  |p 001101  |r 2024-11-19 16:40:23  |s 2024-11-13  |t 1  |w 2022-04-19  |x Administración Pública  |y TS  |B ADM 
952 |0 0  |1 0  |4 0  |6 TESIS_ELECTRÓNICAS  |7 0  |8 COMP  |9 95147  |a BC  |b BC  |c Digital  |d 2022-04-19  |l 8  |o TESIS ELECTRÓNICAS  |p 001102  |r 2024-11-05 11:59:47  |s 2024-11-05  |t 2  |w 2022-04-19  |x Antropología  |y TS  |B ANT 
952 |0 0  |1 0  |4 0  |6 TESIS_ELECTRÓNICAS  |7 0  |8 COMP  |9 95148  |a BC  |b BC  |c Digital  |d 2022-04-19  |l 3  |o TESIS ELECTRÓNICAS  |p 001103  |r 2023-08-28 00:00:00  |s 2023-08-21  |t 3  |w 2022-04-19  |x Ciencias Políticas  |y TS  |B CSPOL 
952 |0 0  |1 0  |4 0  |6 TESIS_ELECTRÓNICAS  |7 0  |8 COMP  |9 95149  |a BC  |b BC  |c Digital  |d 2022-04-19  |l 1  |o TESIS ELECTRÓNICAS  |p 001104  |r 2022-07-25 00:00:00  |s 2022-07-21  |t 4  |w 2022-04-19  |x Derecho  |y TS  |B DER 
952 |0 0  |1 0  |4 0  |6 TESIS_ELECTRÓNICAS  |7 0  |8 COMP  |9 95150  |a BC  |b BC  |c Digital  |d 2022-04-19  |o TESIS ELECTRÓNICAS  |p 001105  |r 2022-04-19 00:00:00  |t 5  |w 2022-04-19  |x Geografía  |y TS  |B GEO 
952 |0 0  |1 0  |4 0  |6 TESIS_ELECTRÓNICAS  |7 0  |8 COMP  |9 95151  |a BC  |b BC  |c Digital  |d 2022-04-19  |l 1  |o TESIS ELECTRÓNICAS  |p 001106  |r 2024-09-10 17:26:39  |s 2024-09-10  |t 6  |w 2022-04-19  |x Ingeniería Comercial  |y TS  |B ICOM 
952 |0 0  |1 0  |4 0  |6 TESIS_ELECTRÓNICAS  |7 0  |8 COMP  |9 95152  |a BC  |b BC  |c Digital  |d 2022-04-19  |l 1  |o TESIS ELECTRÓNICAS  |p 001107  |r 2024-11-05 11:59:44  |s 2024-11-05  |t 7  |w 2022-04-19  |x Ingeniería de Ejecución en Gestión Ambiental  |y TS  |B IEGA 
952 |0 0  |1 0  |4 0  |6 TESIS_ELECTRÓNICAS  |7 0  |8 COMP  |9 95153  |a BC  |b BC  |c Digital  |d 2022-04-19  |l 1  |o TESIS ELECTRÓNICAS  |p 001108  |r 2023-08-28 00:00:00  |s 2023-08-21  |t 8  |w 2022-04-19  |x Ingeniería de Ejecución en Gestión Pública  |y TS  |B IEGP 
952 |0 0  |1 0  |4 0  |6 TESIS_ELECTRÓNICAS  |7 0  |8 COMP  |9 95154  |a BC  |b BC  |c Digital  |d 2022-04-19  |o TESIS ELECTRÓNICAS  |p 001109  |r 2022-04-19 00:00:00  |t 9  |w 2022-04-19  |x Licenciatura en Cine  |y TS  |B LCIN 
952 |0 0  |1 0  |4 0  |6 TESIS_ELECTRÓNICAS  |7 0  |8 COMP  |9 95155  |a BC  |b BC  |c Digital  |d 2022-04-19  |o TESIS ELECTRÓNICAS  |p 001110  |r 2022-04-19 00:00:00  |t 10  |w 2022-04-19  |x Licenciatura en Danza  |y TS  |B DAN 
952 |0 0  |1 0  |4 0  |6 TESIS_ELECTRÓNICAS  |7 0  |8 COMP  |9 95156  |a BC  |b BC  |c Digital  |d 2022-04-19  |l 6  |o TESIS ELECTRÓNICAS  |p 001111  |r 2025-12-11 12:59:37  |s 2025-12-11  |t 11  |w 2022-04-19  |x Licenciatura en Historia  |y TS  |B LHIS 
952 |0 0  |1 0  |4 0  |6 TESIS_ELECTRÓNICAS  |7 0  |8 COMP  |9 95157  |a BC  |b BC  |c Digital  |d 2022-04-19  |o TESIS ELECTRÓNICAS  |p 001112  |r 2022-04-19 00:00:00  |t 12  |w 2022-04-19  |x Licenciatura en Música  |y TS  |B LMUS 
952 |0 0  |1 0  |4 0  |6 TESIS_ELECTRÓNICAS  |7 0  |8 COMP  |9 95158  |a BC  |b BC  |c Digital  |d 2022-04-19  |l 2  |o TESIS ELECTRÓNICAS  |p 001113  |r 2023-10-30 00:00:00  |s 2023-10-30  |t 13  |w 2022-04-19  |x Licenciatura en Teatro  |y TS  |B TEATRO 
952 |0 0  |1 0  |4 0  |6 TESIS_ELECTRÓNICAS  |7 0  |8 COMP  |9 95159  |a BC  |b BC  |c Digital  |d 2022-04-19  |o TESIS ELECTRÓNICAS  |p 001114  |r 2022-04-19 00:00:00  |t 14  |w 2022-04-19  |x Pedagogía en Educación Básica  |y TS  |B PBAS 
952 |0 0  |1 0  |4 0  |6 TESIS_ELECTRÓNICAS  |7 0  |8 COMP  |9 95160  |a BC  |b BC  |c Digital  |d 2022-04-19  |l 1  |o TESIS ELECTRÓNICAS  |p 001115  |r 2024-09-09 21:04:02  |s 2024-09-09  |t 15  |w 2022-04-19  |x Pedagogía en Educación Diferencial  |y TS  |B PEDIF 
952 |0 0  |1 0  |4 0  |6 TESIS_ELECTRÓNICAS  |7 0  |8 COMP  |9 95161  |a BC  |b BC  |c Digital  |d 2022-04-19  |l 1  |o TESIS ELECTRÓNICAS  |p 001116  |r 2023-10-30 00:00:00  |s 2023-10-30  |t 16  |w 2022-04-19  |x Pedagogía en Educación Parvularia  |y TS  |B PEP 
952 |0 0  |1 0  |4 0  |6 TESIS_ELECTRÓNICAS  |7 0  |8 COMP  |9 95162  |a BC  |b BC  |c Digital  |d 2022-04-19  |l 4  |o TESIS ELECTRÓNICAS  |p 001117  |r 2023-10-30 00:00:00  |s 2023-10-30  |t 17  |w 2022-04-19  |x Pedagogía en Historia y Ciencias Sociales  |y TS  |B PHIS 
952 |0 0  |1 0  |4 0  |6 TESIS_ELECTRÓNICAS  |7 0  |8 COMP  |9 95163  |a BC  |b BC  |c Digital  |d 2022-04-19  |o TESIS ELECTRÓNICAS  |p 001118  |r 2022-04-19 00:00:00  |t 18  |w 2022-04-19  |x Pedagogía en Lengua Castellana y Comunicación  |y TS  |B LENG 
952 |0 0  |1 0  |4 0  |6 TESIS_ELECTRÓNICAS  |7 0  |8 COMP  |9 95164  |a BC  |b BC  |c Digital  |d 2022-04-19  |o TESIS ELECTRÓNICAS  |p 001119  |r 2022-04-19 00:00:00  |t 19  |w 2022-04-19  |x Pedagogía en Matemática y Estadística  |y TS  |B PME 
952 |0 0  |1 0  |4 0  |6 TESIS_ELECTRÓNICAS  |7 0  |8 COMP  |9 95165  |a BC  |b BC  |c Digital  |d 2022-04-19  |o TESIS ELECTRÓNICAS  |p 001120  |r 2022-04-19 00:00:00  |t 20  |w 2022-04-19  |x Pedagogía en Música  |y TS  |B PMUS 
952 |0 0  |1 0  |4 0  |6 TESIS_ELECTRÓNICAS  |7 0  |8 COMP  |9 95166  |a BC  |b BC  |c Digital  |d 2022-04-19  |l 1  |o TESIS ELECTRÓNICAS  |p 001121  |r 2022-12-14 00:00:00  |s 2022-10-28  |t 21  |w 2022-04-19  |x Periodismo  |y TS  |B PER 
952 |0 0  |1 0  |4 0  |6 TESIS_ELECTRÓNICAS  |7 0  |8 COMP  |9 95167  |a BC  |b BC  |c Digital  |d 2022-04-19  |o TESIS ELECTRÓNICAS  |p 001122  |r 2022-04-19 00:00:00  |t 22  |w 2022-04-19  |x Producción Musical  |y TS  |B PROD 
952 |0 0  |1 0  |4 0  |6 TESIS_ELECTRÓNICAS  |7 0  |8 COMP  |9 95168  |a BC  |b BC  |c Digital  |d 2022-04-19  |l 13  |m 2  |o TESIS ELECTRÓNICAS  |p 001123  |r 2024-08-20 12:50:50  |s 2024-08-20  |t 23  |w 2022-04-19  |x Psicología  |y TS  |B PSI 
952 |0 0  |1 0  |4 0  |6 TESIS_ELECTRÓNICAS  |7 0  |8 COMP  |9 95169  |a BC  |b BC  |c Digital  |d 2022-04-19  |l 2  |o TESIS ELECTRÓNICAS  |p 001124  |r 2023-10-30 00:00:00  |s 2023-10-30  |t 24  |w 2022-04-19  |x Sociología  |y TS  |B SOC 
952 |0 0  |1 0  |4 0  |6 TESIS_ELECTRÓNICAS  |7 0  |8 COMP  |9 95170  |a BC  |b BC  |c Digital  |d 2022-04-19  |l 5  |o TESIS ELECTRÓNICAS  |p 001125  |r 2024-09-10 17:26:40  |s 2024-09-10  |t 25  |w 2022-04-19  |x Trabajo Social  |y TS  |B TSOC 
952 |0 0  |1 0  |4 0  |6 TESIS_ELECTRÓNICAS  |7 0  |8 COMP  |9 95171  |a BC  |b BC  |c Digital  |d 2022-04-19  |o TESIS ELECTRÓNICAS  |p 001126  |r 2022-04-19 00:00:00  |t 26  |w 2022-04-19  |x Doctorado en Educación  |y TS  |B DEDU 
952 |0 0  |1 0  |4 0  |6 TESIS_ELECTRÓNICAS  |7 0  |8 COMP  |9 95172  |a BC  |b BC  |c Digital  |d 2022-04-19  |o TESIS ELECTRÓNICAS  |p 001127  |r 2022-04-19 00:00:00  |t 27  |w 2022-04-19  |x Magíster en Ciencias Sociales  |y TS  |B MCS 
952 |0 0  |1 0  |4 0  |6 TESIS_ELECTRÓNICAS  |7 0  |8 COMP  |9 95173  |a BC  |b BC  |c Digital  |d 2022-04-19  |o TESIS ELECTRÓNICAS  |p 001128  |r 2022-04-19 00:00:00  |t 28  |w 2022-04-19  |x Magíster en Desarrollo  |y TS  |B MD 
952 |0 0  |1 0  |4 0  |6 TESIS_ELECTRÓNICAS  |7 0  |8 COMP  |9 95174  |a BC  |b BC  |c Digital  |d 2022-04-19  |o TESIS ELECTRÓNICAS  |p 001129  |r 2022-04-19 00:00:00  |t 29  |w 2022-04-19  |x Magíster en Educación Emocional  |y TS  |B MEE 
952 |0 0  |1 0  |4 0  |6 TESIS_ELECTRÓNICAS  |7 0  |8 COMP  |9 95175  |a BC  |b BC  |c Digital  |d 2022-04-19  |l 3  |o TESIS ELECTRÓNICAS  |p 001130  |r 2024-05-07 00:00:00  |s 2024-05-07  |t 30  |w 2022-04-19  |x Magíster en Gerencia Pública  |y TS  |B MGPUB 
952 |0 0  |1 0  |4 0  |6 TESIS_ELECTRÓNICAS  |7 0  |8 COMP  |9 95176  |a BC  |b BC  |c Digital  |d 2022-04-19  |o TESIS ELECTRÓNICAS  |p 001131  |r 2022-04-19 00:00:00  |t 31  |w 2022-04-19  |x Magíster en Investigación Educativa  |y TS  |B MIE 
952 |0 0  |1 0  |4 0  |6 TESIS_ELECTRÓNICAS  |7 0  |8 COMP  |9 95177  |a BC  |b BC  |c Digital  |d 2022-04-19  |o TESIS ELECTRÓNICAS  |p 001132  |r 2022-04-19 00:00:00  |t 32  |w 2022-04-19  |x Magíster en Política y Gestión Ambiental  |y TS  |B MPGA 
952 |0 0  |1 0  |4 0  |6 TESIS_ELECTRÓNICAS  |7 0  |8 COMP  |9 95178  |a BC  |b BC  |c Digital  |d 2022-04-19  |o TESIS ELECTRÓNICAS  |p 001133  |r 2022-04-19 00:00:00  |t 33  |w 2022-04-19  |x Magíster en Antropología  |y TS  |B MANT 
952 |0 0  |1 0  |4 0  |6 TESIS_ELECTRÓNICAS  |7 0  |8 COMP  |9 95179  |a BC  |b BC  |c Digital  |d 2022-04-19  |o TESIS ELECTRÓNICAS  |p 001134  |r 2022-04-19 00:00:00  |t 34  |w 2022-04-19  |x Magíster en Ciencia Política e Historia Política  |y TS  |B MCPHP 
952 |0 0  |1 0  |4 0  |6 TESIS_ELECTRÓNICAS  |7 0  |8 COMP  |9 95180  |a BC  |b BC  |c Digital  |d 2022-04-19  |o TESIS ELECTRÓNICAS  |p 001135  |r 2022-04-19 00:00:00  |t 35  |w 2022-04-19  |x Magíster en Composición Musical  |y TS  |B MCMU 
952 |0 0  |1 0  |4 0  |6 TESIS_ELECTRÓNICAS  |7 0  |8 COMP  |9 95181  |a BC  |b BC  |c Digital  |d 2022-04-19  |o TESIS ELECTRÓNICAS  |p 001136  |r 2022-04-19 00:00:00  |t 36  |w 2022-04-19  |x Magíster en Educación  |y TS  |B MED 
952 |0 0  |1 0  |4 0  |6 TESIS_ELECTRÓNICAS  |7 0  |8 COMP  |9 95182  |a BC  |b BC  |c Digital  |d 2022-04-19  |o TESIS ELECTRÓNICAS  |p 001137  |r 2022-04-19 00:00:00  |t 37  |w 2022-04-19  |x Magíster en Educación Intercultural Bilingüe  |y TS  |B MEIB 
952 |0 0  |1 0  |4 0  |6 TESIS_ELECTRÓNICAS  |7 0  |8 COMP  |9 95183  |a BC  |b BC  |c Digital  |d 2022-04-19  |o TESIS ELECTRÓNICAS  |p 001138  |r 2022-04-19 00:00:00  |t 38  |w 2022-04-19  |x Magíster en Geografía. Mención Intervención ambiental y territorial  |y TS  |B MGEO 
952 |0 0  |1 0  |4 0  |6 TESIS_ELECTRÓNICAS  |7 0  |8 COMP  |9 95184  |a BC  |b BC  |c Digital  |d 2022-04-19  |o TESIS ELECTRÓNICAS  |p 001139  |r 2022-04-19 00:00:00  |t 39  |w 2022-04-19  |x Magíster en Liderazgo y Gestión Integral para la Transformación Pedagógica  |y TS  |B MLGITP 
952 |0 0  |1 0  |4 0  |6 TESIS_ELECTRÓNICAS  |7 0  |8 COMP  |9 95185  |a BC  |b BC  |c Digital  |d 2022-04-19  |o TESIS ELECTRÓNICAS  |p 001140  |r 2022-04-19 00:00:00  |t 40  |w 2022-04-19  |x Magíster en Metodologías de Investigación e Intervención social  |y TS  |B MINV 
952 |0 0  |1 0  |4 0  |6 TESIS_ELECTRÓNICAS  |7 0  |8 COMP  |9 95186  |a BC  |b BC  |c Digital  |d 2022-04-19  |o TESIS ELECTRÓNICAS  |p 001141  |r 2022-04-19 00:00:00  |t 41  |w 2022-04-19  |x Magíster en Planificación Territorial Rural  |y TS  |B MPTR 
952 |0 0  |1 0  |4 0  |6 TESIS_ELECTRÓNICAS  |7 0  |8 COMP  |9 95187  |a BC  |b BC  |c Digital  |d 2022-04-19  |o TESIS ELECTRÓNICAS  |p 001142  |r 2022-04-19 00:00:00  |t 42  |w 2022-04-19  |x Magíster en Praxis Comunitaria y Pensamiento Sociopolítico  |y TS  |B MPC  
952 |0 0  |1 0  |4 0  |6 TESIS_ELECTRÓNICAS  |7 0  |8 COMP  |9 95188  |a BC  |b BC  |c Digital  |d 2022-04-19  |o TESIS ELECTRÓNICAS  |p 001143  |r 2022-04-19 00:00:00  |t 43  |w 2022-04-19  |x Magíster en Psicología. Especialidad clínica  |y TS  |B MPS 
952 |0 0  |1 0  |4 0  |6 TESIS_ELECTRÓNICAS  |7 0  |8 COMP  |9 95189  |a BC  |b BC  |c Digital  |d 2022-04-19  |o TESIS ELECTRÓNICAS  |p 001144  |r 2022-04-19 00:00:00  |t 44  |w 2022-04-19  |x Magíster en Sociología  |y TS  |B MSOC 
952 |0 0  |1 0  |4 0  |6 TESIS_ELECTRÓNICAS  |7 0  |8 COMP  |9 95190  |a BC  |b BC  |c Digital  |d 2022-04-19  |l 2  |o TESIS ELECTRÓNICAS  |p 001145  |r 2023-10-30 00:00:00  |s 2023-10-30  |t 45  |w 2022-04-19  |x Magíster en Trabajo Social  |y TS  |B MTSOC 
952 |0 0  |1 0  |4 0  |6 TESIS_ELECTRÓNICAS  |7 0  |8 COMP  |9 95191  |a BC  |b BC  |c Digital  |d 2022-04-19  |o TESIS ELECTRÓNICAS  |p 001146  |r 2022-04-19 00:00:00  |t 46  |w 2022-04-19  |x Continuidad de Estudios y Segunda Titulación en Administración Pública  |y TS  |B ADM 
952 |0 0  |1 0  |4 0  |6 TESIS_ELECTRÓNICAS  |7 0  |8 COMP  |9 95192  |a BC  |b BC  |c Digital  |d 2022-04-19  |o TESIS ELECTRÓNICAS  |p 001147  |r 2022-04-19 00:00:00  |t 47  |w 2022-04-19  |x Programa de Formación Pedagógica en Enseñanza Media  |y TS  |B PFPED 
952 |0 0  |1 0  |4 0  |6 TESIS_ELECTRÓNICAS  |7 0  |8 COMP  |9 95193  |a BC  |b BC  |c Digital  |d 2022-04-19  |o TESIS ELECTRÓNICAS  |p 001148  |r 2022-04-19 00:00:00  |t 48  |w 2022-04-19  |x Programa de Segunda Titulación en Educación Diferencial  |y TS  |B PEDIF 
952 |0 0  |1 0  |4 0  |6 TESIS_ELECTRÓNICAS  |7 0  |8 COMP  |9 95194  |a BC  |b BC  |c Digital  |d 2022-04-19  |o TESIS ELECTRÓNICAS  |p 001149  |r 2022-04-19 00:00:00  |t 49  |w 2022-04-19  |x Programa de Segunda Titulación Pedagogía en Educación Básica  |y TS  |B PBAS 
952 |0 0  |1 0  |4 0  |6 TESIS_ELECTRÓNICAS  |7 0  |8 COMP  |9 95195  |a BC  |b BC  |c Digital  |d 2022-04-19  |o TESIS ELECTRÓNICAS  |p 001150  |r 2022-04-19 00:00:00  |t 50  |w 2022-04-19  |x Programa Especial de Titulación en Periodismo  |y TS  |B PER 
952 |0 0  |1 0  |4 0  |6 TESIS_ELECTRÓNICAS  |7 0  |8 COMP  |9 95196  |a BC  |b BC  |c Digital  |d 2022-04-19  |o TESIS ELECTRÓNICAS  |p 001151  |r 2022-04-19 00:00:00  |t 51  |w 2022-04-19  |x Programa Segunda Titulación Licenciatura en Cine  |y TS  |B LCIN 
999 |c 59264  |d 59264